[Event "COL Intercollege op"]
[Site "Bogota"]
[Date "2024.11.23"]
[Round "5"]
[White "Rodriguez Mendoza, Jhon Carlos"]
[Black "Berty Diaz, Eloy David"]
[Result "1-0"]
[WhiteElo "1639"]
[BlackElo "1533"]
[PlyCount "65"]
[EventDate "2024.11.21"]
[EventType "swiss"]
[EventRounds "7"]
[EventCountry "COL"]
[SourceTitle "CB48_2024"]
[SourceDate "2024.11.28"]
[SourceVersion "1"]
[SourceVersionDate "2024.11.28"]
[SourceQuality "1"]

1. e4 e5 2. Nf3 Nc6 3. Bc4 Bc5 4. 0-0 Nf6 5. c3 d6 6. a4 a5 7. d3 h6 8. Be3 Bxe3 9. fxe3 0-0 10. h3 Be6 11. Bb3 Qd7 12. Nh4 Ne7 13. Nd2 d5 14. Ndf3 Nc6 15. exd5 Bxd5 16. Bxd5 Nxd5 17. Qe1 Rae8 18. Rd1 Kh7 19. e4 Nf4 20. Qe3 Rd8 21. d4 Ng6 22. Nxg6 fxg6 23. d5 Ne7 24. Nxe5 Qxa4 25. Qc5 Rfe8 26. Rd4 Qc2 27. Rf7 Nf5 28. exf5 Rxe5 29. Qxc7 Qc1+ 30. Kh2 Rg8 31. Qxe5 Qxb2 32. fxg6+ Kxg6 33. Qf5# 1-0

[Event "COL Intercollege op"]
[Site "Bogota"]
[Date "2024.11.21"]
[Round "1"]
[White "Paez Villanueva, Santiago"]
[Black "Berty Diaz, Eloy David"]
[Result "1-0"]
[WhiteElo "1831"]
[BlackElo "1533"]
[PlyCount "49"]
[EventDate "2024.11.21"]
[EventType "swiss"]
[EventRounds "7"]
[EventCountry "COL"]
[SourceTitle "CB48_2024"]
[SourceDate "2024.11.28"]
[SourceVersion "1"]
[SourceVersionDate "2024.11.28"]
[SourceQuality "1"]

1. e4 d6 2. d4 Nf6 3. Nc3 g6 4. Bg5 Bg7 5. Qd2 0-0 6. 0-0-0 a5 7. h4 h5 8. f3 c6 9. Bh6 b5 10. g4 a4 11. Qe3 Bxg4 12. Bxg7 Kxg7 13. fxg4 Nxg4 14. Qg3 b4 15. Nb1 Qa5 16. Be2 Nf6 17. Nd2 Nbd7 18. c4 Rfc8 19. Ngf3 d5 20. e5 Ng4 21. Ng5 c5 22. Bxg4 hxg4 23. Qxg4 e6 24. h5 gxh5 25. Nxe6+ 1-0